000 00754nam a22002297a 4500
999 _c10232
_d10232
003 AR-CdUCM
008 190223b ||||| |||| 00| 0 spa d
020 _a8070761382
040 _aMUNICIPALIDAD PROVINCIAL DEL CUSCO
_cBIBLIOTECA MUNICIPAL DEL CUSCO
082 _aES / 800 /
_bS18
100 _aSalgari, Emilio
_9800
245 _aEl Rey de la Pradera /
260 _aBarcelona :
_bMolino,
_c1959.
300 _a158 paginas ;
_c20 cm.
505 _aEl negrero -- La costa brasileƱa -- El rapto -- A bordo de la "Albatros" -- El marquesito Almeida...
650 _aCampos Verdes
_91618
650 _aMontaƱas majestuosas
_91619
650 _aAnimales
_91620
650 _aPastizales
_91621
942 _2ddc
_cLIBROS
945 _awnts
_d2019-02-23